Movie Quotes - Statistics

General Stats
  • This quiz has been taken 31 times
  • The average score is 5 of 21
Answer Stats
Quotes Answer % Correct
My mom always said life was like a box of chocolates. You never know what you're gonna get. Forrest Gump
96%
Houston we have a problem Apollo 13
81%
I am serious. And don't call me Shirley Airplane
62%
You can't handle the truth! A Few Good Men
58%
You should have gone for the head Avengers: Infinity War
46%
Get Busy Living, Or Get Busy Dying Shawshank Redemption
27%
Made $49 Million, Which Really Pissed Me Off Because It Was Three Shy Of A Million A Week. The Wolf of Wall Street
23%
I live my life a quarter mile at a time. The Fast and the Furious
19%
I am definitely going to die up here ... if I have to listen to any more god-awful disco music. The Martian
15%
No Amount Of Money Ever Bought A Second Of Time. Avengers: Endgame
12%
Do You Want To Take A Leap Of Faith Or Become An Old Man Filled With Regret Waiting To Die Alone? Inception
12%
Revenge is a dish best served cold The Godfather
12%
Oh yes, the past can hurt. But you can either run from it, or learn from it. The Lion King
8%
With the world so set on tearing itself apart, it don’t seem like such a bad thing to me to wanna put a little bit of it back together. Hacksaw Ridge
4%
Love is the one thing that transcends time and space. Maybe we should trust that, even if we cannot understand it. Interstellar
4%
Monster is a relative term, to a canary a cat is a monster. We just used to been the cat. Jurassic world
4%
You can't get so hung up on where you'd rather be, that you forget to make the most of where you are. Passengers
4%
If Grace is there with you - look in her memories - she can show you the world we come from. There's no green there. They killed their mother, and they're gonna do the same here. Avatar
0%
The people who are trying to make the world worse are not taking a day off. How can I? Light up the darkness. I am Legend
0%
How can man die better: than facing fearful odds, for the ashes of his fathers, and the temples of his Gods. I created you, Jack. I am your god. Oblivion
0%
Power is when we have every justification to kill, and we don't. Schindler's List
0%
No matching quizzes found
Score Distribution
Percent of People with Each Score
Percentile by Number Answered
Your Score History
You have not taken this quiz